000 00539nam a2200181Ia 4500
003 GCL
008 140319s9999 xx 000 0 ara d
040 _aGCL /
_cGCL
082 0 4 _a210.92
_bس ا
100 1 _aسليمان فياض
245 1 0 _aائمة الاسلام الاربعة /
_cسليمان فياض
300 _a175 ص
490 _aالهيئة العامة للاستعلامات
_v0
650 0 4 _aالاسلام
650 0 4 _aالفقه الاسلامى
650 0 4 _aالائمة والاولياء
942 _2ddc
_cBK
999 _c48041
_d48041